|
|
|
|
| LEADER |
02224nam a2200469 a 4500 |
| 001 |
EBC821965 |
| 003 |
MiAaPQ |
| 005 |
20200520144314.0 |
| 006 |
m o d | |
| 007 |
cr cn||||||||| |
| 008 |
111012s2012 njua s 001 0 eng d |
| 010 |
|
|
|z 2011042681
|
| 020 |
|
|
|z 9781118169971 (pbk.)
|
| 020 |
|
|
|z 1118169972 (pbk.)
|
| 020 |
|
|
|a 9781118226858 (electronic bk.)
|
| 035 |
|
|
|a (MiAaPQ)EBC821965
|
| 035 |
|
|
|a (Au-PeEL)EBL821965
|
| 035 |
|
|
|a (CaPaEBR)ebr10630519
|
| 035 |
|
|
|a (CaONFJC)MIL3570346
|
| 035 |
|
|
|a (OCoLC)806452538
|
| 040 |
|
|
|a MiAaPQ
|c MiAaPQ
|d MiAaPQ
|
| 050 |
|
4 |
|a HG4026
|b .B662 2012
|
| 082 |
0 |
4 |
|a 658.15/1
|2 23
|
| 100 |
1 |
|
|a Bragg, Steven M.
|
| 245 |
1 |
4 |
|a The essential controller
|h [electronic resource] :
|b an introduction to what every financial manager must know /
|c Steven M. Bragg.
|
| 250 |
|
|
|a 2nd ed.
|
| 260 |
|
|
|a Hoboken, N.J. :
|b Wiley,
|c c2012.
|
| 300 |
|
|
|a x, 277 p. :
|b ill.
|
| 490 |
1 |
|
|a Wiley corporate F&A series
|
| 500 |
|
|
|a Rev. ed. of: Controller's guide. c2005.
|
| 500 |
|
|
|a Includes index.
|
| 520 |
|
|
|a "This book is designed to give the new controller a firm foundation in the concepts of managing the accounting department, locating GAAP information, analyzing and knowing what to do with key accounting information, and setting up controls systems that reduce a company's risk of loss. These core areas are essentials to a controller's success. New to this edition will be a discussion of finance strategy; introduction of the accounting standards codification, update of the taxation strategy; and a new controller checklist will be added as an appendix"--
|c Provided by publisher.
|
| 533 |
|
|
|a Electronic reproduction. Ann Arbor, MI : ProQuest, 2015. Available via World Wide Web. Access may be limited to ProQuest affiliated libraries.
|
| 650 |
|
0 |
|a Controllership.
|
| 650 |
|
0 |
|a Chief financial officers.
|
| 650 |
|
0 |
|a Corporations
|x Accounting.
|
| 650 |
|
0 |
|a Corporations
|x Finance.
|
| 655 |
|
4 |
|a Electronic books.
|
| 700 |
1 |
|
|a Bragg, Steven M.
|t Controller's guide.
|
| 710 |
2 |
|
|a ProQuest (Firm)
|
| 830 |
|
0 |
|a Wiley corporate F & A.
|
| 856 |
4 |
0 |
|u https://ebookcentral.proquest.com/lib/matrademy/detail.action?docID=821965
|z Click to View
|